John Inglesant /

Bibliographic Details
Main Author: Shorthouse, J. H. (Joseph Henry), 1834-1903
Format: Book
Language:English
Published: New York : Garland Pub., 1975.
Series:Victorian fiction--novels of faith and doubt.

MARC

Tag First Indicator Second Indicator Subfields
LEADER 00000cam a2200000 i 4500
001 in00000476021
005 20151013050725.0
008 760115r19751880nyu 00011 eng
010 |a  75000480  
020 |a 0824015576 
035 |a (OCoLC)01928566 
035 |9 ACA5663AM 
040 |a DLC  |c IWU  |d TXA  |d UtOrBLW 
049 |a TXAM  |c [1341178] 
050 0 0 |a PZ3.S5594  |b Jo18  |a PR5451 
082 0 |a 823/.8 
100 1 |a Shorthouse, J. H.  |q (Joseph Henry),  |d 1834-1903. 
245 1 0 |a John Inglesant /  |c Joseph H. Shorthouse. 
264 1 |a New York :  |b Garland Pub.,  |c 1975. 
300 |a 577 pages ;  |c 19 cm. 
336 |a text  |b txt  |2 rdacontent 
337 |a unmediated  |b n  |2 rdamedia 
338 |a volume  |b nc  |2 rdacarrier 
490 1 |a Victorian fiction : Novels of faith and doubt 
500 |a Reprint of the 1880 edition published by Cornish Brothers, Birmingham, Eng. 
830 0 |a Victorian fiction--novels of faith and doubt. 
999 |a MARS 
999 f f |s 7b80cf8f-0d2e-3215-80b9-8538e6766881  |i 7237dcc0-059a-3281-b816-22db04e69238  |t 0 
952 f f |p ric  |a Texas A&M University  |b Rellis Campus  |c Joint Library Facility  |d Remote Storage  |t 0  |e PZ3.S5594 Jo18  |h Library of Congress classification  |i unmediated -- volume  |m A14804279226 
998 f f |a PZ3.S5594 Jo18  |t 0  |l Remote Storage